000
00305nam a2200109 4500
999
_c
13715
_d
13715
008
190402b ||||| |||| 00| 0 eng d
245
_a
Universal health bill care certified as urgent.
260
_a
Davao City:
_b
Sun Star Davao;
_c
c2018.
300
_a
page 4.
650
0
_9
38130
_a
Health.
942
_2
ddc
_c
PER